<?xml version="1.0" encoding="UTF-8"?><marc:collection xmlns:marc="http://www.loc.gov/MARC21/slim">
  <marc:record>
    <marc:leader>02868nas a2200481 c 4500</marc:leader>
    <marc:controlfield tag="001">010057315</marc:controlfield>
    <marc:controlfield tag="003">DE-101</marc:controlfield>
    <marc:controlfield tag="005">20240715144430.0</marc:controlfield>
    <marc:controlfield tag="007">tu</marc:controlfield>
    <marc:controlfield tag="008">991118d19581994gw u||p|  ||| 0||||1ger c</marc:controlfield>
    <marc:datafield tag="015" ind1=" " ind2=" ">
      <marc:subfield code="a">89,B07,0471</marc:subfield>
      <marc:subfield code="2">dnb</marc:subfield>
    </marc:datafield>
    <marc:datafield tag="016" ind1="7" ind2=" ">
      <marc:subfield code="2">DE-600</marc:subfield>
      <marc:subfield code="a">956898-0</marc:subfield>
    </marc:datafield>
    <marc:datafield tag="016" ind1="7" ind2=" ">
      <marc:subfield code="2">DE-101</marc:subfield>
      <marc:subfield code="a">010057315</marc:subfield>
    </marc:datafield>
    <marc:datafield tag="035" ind1=" " ind2=" ">
      <marc:subfield code="a">(DE-599)ZDB956898-0</marc:subfield>
    </marc:datafield>
    <marc:datafield tag="035" ind1=" " ind2=" ">
      <marc:subfield code="a">(OCoLC)1367295417</marc:subfield>
    </marc:datafield>
    <marc:datafield tag="040" ind1=" " ind2=" ">
      <marc:subfield code="a">9001</marc:subfield>
      <marc:subfield code="b">ger</marc:subfield>
      <marc:subfield code="c">DE-101</marc:subfield>
      <marc:subfield code="d">9001</marc:subfield>
    </marc:datafield>
    <marc:datafield tag="041" ind1=" " ind2=" ">
      <marc:subfield code="a">ger</marc:subfield>
    </marc:datafield>
    <marc:datafield tag="042" ind1=" " ind2=" ">
      <marc:subfield code="a">zdb</marc:subfield>
    </marc:datafield>
    <marc:datafield tag="044" ind1=" " ind2=" ">
      <marc:subfield code="c">XA-DE</marc:subfield>
    </marc:datafield>
    <marc:datafield tag="082" ind1="7" ind2="4">
      <marc:subfield code="a">360</marc:subfield>
      <marc:subfield code="a">630</marc:subfield>
      <marc:subfield code="q">DE-600</marc:subfield>
      <marc:subfield code="2">22sdnb</marc:subfield>
    </marc:datafield>
    <marc:datafield tag="084" ind1=" " ind2=" ">
      <marc:subfield code="a">39</marc:subfield>
      <marc:subfield code="a">18</marc:subfield>
      <marc:subfield code="a">14</marc:subfield>
      <marc:subfield code="a">78</marc:subfield>
      <marc:subfield code="a">630</marc:subfield>
      <marc:subfield code="q">DE-101</marc:subfield>
      <marc:subfield code="2">sdnb</marc:subfield>
    </marc:datafield>
    <marc:datafield tag="110" ind1="2" ind2=" ">
      <marc:subfield code="0">(DE-588)2017598-X</marc:subfield>
      <marc:subfield code="0">https://d-nb.info/gnd/2017598-X</marc:subfield>
      <marc:subfield code="0">(DE-101)004760301</marc:subfield>
      <marc:subfield code="a">Landwirtschaftliche Alterskasse Hessen-Nassau</marc:subfield>
      <marc:subfield code="e">Verfasser</marc:subfield>
      <marc:subfield code="4">aut</marc:subfield>
      <marc:subfield code="2">gnd</marc:subfield>
    </marc:datafield>
    <marc:datafield tag="245" ind1="1" ind2="0">
      <marc:subfield code="a">Verwaltungsbericht / Landwirtschaftliche Alterskasse Hessen-Nassau, Kassel</marc:subfield>
    </marc:datafield>
    <marc:datafield tag="247" ind1="0" ind2="0">
      <marc:subfield code="a">Verwaltungsberichte der Landwirtschaftlichen Sozialversicherungsträger Hessen-Nassau</marc:subfield>
      <marc:subfield code="f">Nebent. 1992 - 1993</marc:subfield>
    </marc:datafield>
    <marc:datafield tag="247" ind1="0" ind2="0">
      <marc:subfield code="a">Verwaltungsberichte der Landwirtschaftlichen Sozialversicherung Hessen-Nassau</marc:subfield>
      <marc:subfield code="f">Nebent. 1994</marc:subfield>
    </marc:datafield>
    <marc:datafield tag="247" ind1="0" ind2="0">
      <marc:subfield code="a">Verwaltungsberichte / Landwirtschaftliche Berufsgenossenschaft Hessen-Nassau, Landwirtschaftliche Alterskasse Hessen-Nassau, Landwirtschaftliche Krankenkasse Hessen-Nassau</marc:subfield>
      <marc:subfield code="f">Auf d. Jg.-Titelbl. ab 1986</marc:subfield>
    </marc:datafield>
    <marc:datafield tag="264" ind1="3" ind2="1">
      <marc:subfield code="a">Kassel</marc:subfield>
      <marc:subfield code="b">[Verlag nicht ermittelbar]</marc:subfield>
      <marc:subfield code="c">1958-1994</marc:subfield>
    </marc:datafield>
    <marc:datafield tag="336" ind1=" " ind2=" ">
      <marc:subfield code="a">Text</marc:subfield>
      <marc:subfield code="b">txt</marc:subfield>
      <marc:subfield code="2">rdacontent</marc:subfield>
    </marc:datafield>
    <marc:datafield tag="337" ind1=" " ind2=" ">
      <marc:subfield code="a">ohne Hilfsmittel zu benutzen</marc:subfield>
      <marc:subfield code="b">n</marc:subfield>
      <marc:subfield code="2">rdamedia</marc:subfield>
    </marc:datafield>
    <marc:datafield tag="338" ind1=" " ind2=" ">
      <marc:subfield code="a">Band</marc:subfield>
      <marc:subfield code="b">nc</marc:subfield>
      <marc:subfield code="2">rdacarrier</marc:subfield>
    </marc:datafield>
    <marc:datafield tag="362" ind1="0" ind2=" ">
      <marc:subfield code="a">Nachgewiesen 1957/58(1958) - 1994</marc:subfield>
    </marc:datafield>
    <marc:datafield tag="363" ind1="0" ind2="0">
      <marc:subfield code="8">1.1\x</marc:subfield>
      <marc:subfield code="i">1957/58</marc:subfield>
    </marc:datafield>
    <marc:datafield tag="363" ind1="1" ind2="0">
      <marc:subfield code="8">1.2\x</marc:subfield>
      <marc:subfield code="i">1994</marc:subfield>
    </marc:datafield>
    <marc:datafield tag="583" ind1="1" ind2=" ">
      <marc:subfield code="3">1961-1985</marc:subfield>
      <marc:subfield code="a">Archivierung/Langzeitarchivierung gewährleistet</marc:subfield>
      <marc:subfield code="f">PEHE</marc:subfield>
      <marc:subfield code="5">DE-34</marc:subfield>
      <marc:subfield code="2">pdager</marc:subfield>
    </marc:datafield>
    <marc:datafield tag="591" ind1=" " ind2=" ">
      <marc:subfield code="a">C</marc:subfield>
    </marc:datafield>
    <marc:datafield tag="655" ind1=" " ind2="7">
      <marc:subfield code="0">(DE-588)4067488-5</marc:subfield>
      <marc:subfield code="0">https://d-nb.info/gnd/4067488-5</marc:subfield>
      <marc:subfield code="0">(DE-101)040674886</marc:subfield>
      <marc:subfield code="a">Zeitschrift</marc:subfield>
      <marc:subfield code="2">gnd-content</marc:subfield>
    </marc:datafield>
    <marc:datafield tag="710" ind1="2" ind2=" ">
      <marc:subfield code="0">(DE-588)512256-9</marc:subfield>
      <marc:subfield code="0">https://d-nb.info/gnd/512256-9</marc:subfield>
      <marc:subfield code="0">(DE-101)005122562</marc:subfield>
      <marc:subfield code="a">Landwirtschaftliche Berufsgenossenschaft Hessen-Nassau</marc:subfield>
      <marc:subfield code="e">Herausgebendes Organ</marc:subfield>
      <marc:subfield code="4">isb</marc:subfield>
      <marc:subfield code="2">gnd</marc:subfield>
    </marc:datafield>
    <marc:datafield tag="710" ind1="2" ind2=" ">
      <marc:subfield code="0">(DE-588)1030752-7</marc:subfield>
      <marc:subfield code="0">https://d-nb.info/gnd/1030752-7</marc:subfield>
      <marc:subfield code="0">(DE-101)004194985</marc:subfield>
      <marc:subfield code="a">Landwirtschaftliche Krankenkasse Hessen-Nassau</marc:subfield>
      <marc:subfield code="e">Herausgebendes Organ</marc:subfield>
      <marc:subfield code="4">isb</marc:subfield>
      <marc:subfield code="2">gnd</marc:subfield>
    </marc:datafield>
    <marc:datafield tag="777" ind1="0" ind2="8">
      <marc:subfield code="i">Erscheint mit</marc:subfield>
      <marc:subfield code="n">1986 - 1994 ersch. zusammen mit</marc:subfield>
      <marc:subfield code="a">Landwirtschaftliche Berufsgenossenschaft Hessen-Nassau</marc:subfield>
      <marc:subfield code="t">Verwaltungsbericht / Landwirtschaftliche Berufsgenossenschaft Hessen-Nassau, Kassel</marc:subfield>
      <marc:subfield code="d">Kassel : Berufsgenossenschaft, 1984-1994</marc:subfield>
      <marc:subfield code="w">(DE-600)82210-3</marc:subfield>
      <marc:subfield code="w">(DE-101)010549420</marc:subfield>
    </marc:datafield>
    <marc:datafield tag="777" ind1="0" ind2="8">
      <marc:subfield code="i">Erscheint mit</marc:subfield>
      <marc:subfield code="n">1986 - 1994 ersch. zusammen mit</marc:subfield>
      <marc:subfield code="a">Landwirtschaftliche Krankenkasse Hessen-Nassau</marc:subfield>
      <marc:subfield code="t">Verwaltungsbericht / Landwirtschaftliche Krankenkasse Hessen-Nassau</marc:subfield>
      <marc:subfield code="d">Kassel : [Verlag nicht ermittelbar], 1974-1994</marc:subfield>
      <marc:subfield code="w">(DE-600)562524-5</marc:subfield>
      <marc:subfield code="w">(DE-101)01313910X</marc:subfield>
    </marc:datafield>
    <marc:datafield tag="785" ind1="0" ind2="0">
      <marc:subfield code="i">Forts.:</marc:subfield>
      <marc:subfield code="t">LSV Hessen</marc:subfield>
      <marc:subfield code="d">[Darmstadt ; Kassel] : Land- und Forstwirtschaftliche Sozialversicherungsträger Hessen, 1995-1996</marc:subfield>
      <marc:subfield code="w">(DE-600)1336154-5</marc:subfield>
      <marc:subfield code="w">(DE-101)018383467</marc:subfield>
    </marc:datafield>
    <marc:datafield tag="850" ind1=" " ind2=" ">
      <marc:subfield code="a">DE-101b</marc:subfield>
    </marc:datafield>
    <marc:datafield tag="889" ind1=" " ind2=" ">
      <marc:subfield code="w">(DE-101)551513349</marc:subfield>
    </marc:datafield>
  </marc:record>
</marc:collection>
